Statistics for Monuments of India

Click here to take the quiz!

General Stats

  • This quiz has been taken 928 times
  • The average score is 5 of 13

Answer Stats

Hint Answer % Correct
One of the seven wonders of the worldTaj Mahal
99%
Qutub-ud-din made thisQutub Minar
69%
Main palace of the MughalsRed Fort
56%
This monument stands near a popular meeting place in MumbaiGateway of India
52%
This is situated in Odhisa resmbling the 'Sun god'Sun Temple
38%
This monument is the centre of astronomy in IndiaJantar Mantar
36%
Made in Kolkata when British conquered IndiaVictoria Memorial
29%
These caves are near a village in Maharashtra and resemble the life of lord BuddhaAjanta Caves
23%
Epitome of Rajputra architectureHawa Mahal
20%
Built by Sher Shah SuriGrand Trunk Road
18%
Popularly known as the Maharajha's palaceMysore Palace
15%
Situated in Chennai (Mardas)Meenakshi Temple
5%
Situated in PatnaGol Ghar
5%

Score Distribution

Percentile by Number Answered

Percent of People with Each Score

Your Score History

You have not taken this quiz